Welcome to CU Library Online Public Access Catalogue (OPAC)

Restaurant marketing (Record no. 951)

MARC details
000 -LEADER
fixed length control field 00420nam a22001697a 4500
005 - DATE AND TIME OF LATEST TRANSACTION
control field 20241109105109.0
008 - FIXED-LENGTH DATA ELEMENTS--GENERAL INFORMATION
fixed length control field 241109b |||||||| |||| 00| 0 eng d
020 ## - INTERNATIONAL STANDARD BOOK NUMBER
International Standard Book Number 9780070585430
050 ## - LIBRARY OF CONGRESS CALL NUMBER
Classification number TX911.3
Item number SMI
100 ## - MAIN ENTRY--PERSONAL NAME
Personal name Smith, O. William
245 ## - TITLE STATEMENT
Title Restaurant marketing
250 ## - EDITION STATEMENT
Edition statement 2nd
260 ## - PUBLICATION, DISTRIBUTION, ETC.
Place of publication, distribution, etc. New York
Name of publisher, distributor, etc. McGraw-Hill
Date of publication, distribution, etc. c1990
300 ## - PHYSICAL DESCRIPTION
Extent v, 182p
Other physical details ill.;
700 ## - ADDED ENTRY--PERSONAL NAME
Personal name Lynch, Richard L.
942 ## - ADDED ENTRY ELEMENTS (KOHA)
Source of classification or shelving scheme Library of Congress Classification
Koha item type Books
Suppress in OPAC No
999 ## -
-- 951
-- 951
Holdings
Withdrawn status Lost status Source of classification or shelving scheme Damaged status Not for loan Collection Home library Current library Shelving location Date acquired Total checkouts Full call number Barcode Date last seen Copy number Price effective from Koha item type
    Library of Congress Classification     Non-fiction Undergraduate Library (Christ Temple) Undergraduate Library (Christ Temple) General stacks 11/09/2024   TX911.3 SMI ulct00000234 11/09/2024 1 11/09/2024 Books
    Library of Congress Classification     Non-fiction Undergraduate Library (Christ Temple) Undergraduate Library (Christ Temple) General stacks 11/09/2024   TX911.3 SMI ulct00000235 11/09/2024 2 11/09/2024 Books
    Library of Congress Classification     Non-fiction Undergraduate Library (Christ Temple) Undergraduate Library (Christ Temple) General stacks 11/09/2024   TX911.3 SMI ulct00000236 11/09/2024 3 11/09/2024 Books
© 2023-2024 Copyright: Central University Libraries. All Rights Reserved | Created by: Mahone Tech Office